Memes Politiques - 2 - Statistiques

Statistiques générales
  • Ce quiz a été pris 551 fois
  • Le résultat moyen est 7 sur 11
Statistiques - réponses
Référence Politicien % Correct
"MOI ? MOI ? MOI ? Mais qui elle est celle-là" Jean-Luc Mélenchon
94%
"JEANNE, AU SCOURS" Jean-Marie Le Pen
94%
"Ooh comme c'est bizarre" Éric Zemmour
92%
"Non, j'ai pas d'amis." Emmanuel Macron
81%
"Tu casses tu répares, tu salies tu nettoies, tu défies l'autorité on t'apprend à la respecter" Gabriel Attal
79%
"Les migrants, c'est comme les éoliennes. Tout le monde est d'accord pour qu'il y en ait, mais personne ne veut que ce soit à côté de chez lui" Marine Le Pen
78%
"Rien de tel qu'une femme pour faire le ménage" Valérie Pécresse
62%
"C'est toi le cochon !" David Guiraud
33%
"Maintenant c'est dura lex cède ta Rolex" Jean Messiha
26%
-Élisabeth Borne revient à l'Assemblée Nationale, qu'est-ce que vous auriez envie de lui dire ?"Repars." -Un peu plus quand même ? "Ne reviens jamais." Jean-Philippe Tanguy
22%
"Et moi je suis Madonna" Marlène Schiappa
16%
Aucun quiz correspondant
Distribution des résultats
% des personnes avec chaque résultat
Percentile par nombre de réponses
Votre historique - résultats
Vous n’avez pas pris ce quiz